| 000 | 01457nam a2200385 i 4500 | ||
|---|---|---|---|
| 003 | EG-GICUC | ||
| 005 | 20260324154025.0 | ||
| 008 | 260309s1978 It |||fr|||| 00| 0 eng d | ||
| 040 |
_a EG-GICUC _c EG-GICUC _d EG-GICUC _erda _bita |
||
| 041 | _aita | ||
| 082 | 0 | 4 |
_221 _a343 _bPR |
| 092 | 0 | 4 | _221 |
| 099 | _aLaw1 10 343 PR 1978 | ||
| 245 | 0 | 0 |
_aProspettive Del Nuovo Processo Penale / _cPar Cherif Bassiouni, Raffaele Bertoni, Mario Chiavario Vittorio Mele, Mario Pisani, Gian Domenico Pisapia Delfino Siracusano, Carlo Taormina, Mario Valiante, A Cura Di Alfonso M. Stile. |
| 264 | 3 |
_aItaly : _bTipografia C. Pipola & C. Napoli Vico Gerolomini, 9 - Napoli, _c1978. |
|
| 300 |
_a237 pages; _c24 cm. |
||
| 336 |
_2rda content _atext |
||
| 337 |
_2rda media _aComputer |
||
| 338 |
_2rda carrier _aOnline Resource |
||
| 546 | _a Text in Italian | ||
| 650 | 1 |
_2qrmak _aCriminal Science |
|
| 650 | 1 |
_2qrmak _aCriminal law |
|
| 651 | 1 | _2qrmak | |
| 700 | 1 |
_aBassiouni, Cherif _epresenter |
|
| 700 | 1 |
_aBertoni, Raffaele _epresenter |
|
| 700 | 1 |
_aMele, Mario Chiavario Vittorio _epresenter |
|
| 700 | 1 |
_aPisani, Mario _epresenter |
|
| 700 | 1 |
_aSiracusano, Gian Domenico Pisapia Delfino _epresenter |
|
| 700 | 1 |
_aTaormina, Carlo _epresenter |
|
| 700 | 1 |
_aValiante, Mario _epresenter |
|
| 700 | 1 |
_a M. Stile, Di Alfonso _eeditor. |
|
| 856 | 4 | 0 | _uhttps://fll.law.cu.edu.eg/fulltext/bks/B10-08253.pdf |
| 905 |
_a54 _eYara |
||
| 942 |
_2ddc _cBK _e21 _n0 |
||
| 999 |
_c65883 _d65883 |
||